Word Ladder: Things to See in a Soccer Stadium Quiz Stats

 Plays Quiz Updated Nov 24, 2015

Challenge
Share
Tweet
Embed
Score 0/51 Timer 05:00
1 Play Today
Clue 4-Letter Word % Correct
Enthusiastic & devoted spectators○ FANS ○
92%
Fourth planet from sunMARS
89.5%
Referee's item, in yellow or red○ CARD ○
87.6%
Homer Simpson's sonBART
84.6%
2006 Pixar film; train partsCARS
83.1%
Hit with the foot○ KICK ○
81.8%
Brown or polar animalBEAR
81.5%
Hourglass fillSAND
80.1%
Henry or Harrison, e.g.FORD
80%
Starchy Asian grainRICE
79.5%
Spherical object○ BALL ○
78.7%
Group of footballers○ TEAM ○
78.5%
Hop-flavored drink○ BEER ○
78.5%
A stupid or silly personFOOL
77.5%
Thick stringCORD
77.4%
Nutritious substance○ FOOD ○
77.1%
Action that is against the rules○ FOUL ○
76.5%
Ernie's buddy on Sesame StreetBERT
76.5%
Round, red root vegetableBEET
76.2%
Astley or James, e.g.RICK
75.9%
Run against othersRACE
75.6%
Catholic ceremonyMASS
74.5%
Top layer of landSOIL
74.4%
Made a statementSAID
74.3%
All there mentallySANE
74.1%
Soccer announcer's shout○ GOOOAAAL! ○
73.4%
Clue 4-Letter Word % Correct
Medicinal tabletPILL
73.2%
Kitchen utensilsPANS
72%
Spoiled youngsterBRAT
71.8%
Keeper's intent○ SAVE ○
71.6%
Statement of money owedBILL
71.5%
It may be shedTEAR
71.3%
Catamaran featureSAIL
71.3%
Immortal spirit; music styleSOUL
70.8%
Linesman's item○ FLAG ○
68.6%
Smooth and levelFLAT
68.6%
Water or gravy vesselBOAT
68.5%
Talk excitedly; wild partyRAVE
67%
Kind of house on campusFRAT
66.8%
Stitched jointSEAM
66.4%
Capricorn creatureGOAT
66%
To shut forcefully; criticize harshlySLAM
65.8%
A 'sleight of foot' if you will○ PASS ○
65.1%
Like a treadless tireBALD
63.3%
A long narrow mark○ LINE ○
61.6%
Medieval entertainerBARD
61.2%
Big bundlePILE
59.6%
Connect by associationLINK
57.3%
A small problem or flawKINK
57.1%
Refinery wasteSLAG
56%
Lose vigor & health through griefPINE
52.8%

Today's Daily Dose

You're not logged in!

Compare scores with friends on all Sporcle quizzes.
OR
Log In

You Might Also Like...

Show Comments

Extras

Top Quizzes Today


Score Distribution

Your Account Isn't Verified!

In order to create a playlist on Sporcle, you need to verify the email address you used during registration. Go to your Sporcle Settings to finish the process.

Report this User

Report this user for behavior that violates our Community Guidelines.

Details: